000 01286nam a22002777a 4500
005 20100930110340.0
008 100928t xxu||||| |||| 00| 0 hin d
010 _aHIN-90688
020 _c225.00
_a9788170072133
035 _aHN-63034
037 _bDBAD / PUB
040 _aDPL
_bHN
082 _a
100 _922145
245 _aश्रेष्ठ हिन्दी कहानियाँ:
_cकेवल गोस्वामी द्वारा संपादित
_b1960-1970 /
246 _aShreshtha hindi kahaniyan
_bEdited by Keval Goswami
260 _aनई दिल्ली
_bपीपुल्स पब्लिशिंग हाउस
_c2010
270 _a5-ई, रानी झांसी रोड़
_bनई दिल्ली
_e110055
300 _a149पृ.
_c22सेमी (सजिल्द)
650 _91169
_aलधु कहानियाँ, हिन्दी
650 _aShort Stories, Hindi
_922409
700 _922273
_aगोस्वामी, केवल
700 _922352
942 _2ddc
_cHN
_h
_mश्रेष्ठहि
999 _c48021
_d48021